Faces of Fundamentalism India : (Record no. 139171)

MARC details
000 -LEADER
fixed length control field 00565nam a22001817a 4500
005 - DATE AND TIME OF LATEST TRANSACTION
control field 20170505121959.0
010 ## - LCCN (DPL NO)
LC control number ENG-117909
020 ## - INTERNATIONAL STANDARD BOOK NUMBER
Terms of availability 200.00
035 ## - SYSTEM CONTROL NUMBER
System control number EN-101441
037 ## - SOURCE OF ACQUISITION
Source of stock number/acquisition DBAD/PUB
082 ## - DEWEY DECIMAL CLASSIFICATION NUMBER
Classification number 200.954
100 ## - MAIN ENTRY--PERSONAL NAME
Personal name Ganguly N.K.
245 ## - TITLE STATEMENT
Title Faces of Fundamentalism India :
Statement of responsibility, etc N.K. Ganguly.
260 ## - PUBLICATION, DISTRIBUTION, ETC. (IMPRINT)
Place of publication, distribution, etc Jadavpur
Name of publisher, distributor, etc National Council of Education,
Date of publication, distribution, etc 1999
270 ## - ADDRESS
Address 188,Raja Subodh Ch. Mullick Road P,O. Jadavpure University Kolkata-700032
City Calcutta
300 ## - PHYSICAL DESCRIPTION
Extent ix,430p.
Dimensions 22cm(Pbk)
942 ## - ADDED ENTRY ELEMENTS (KOHA)
Source of classification or shelving scheme Dewey Decimal Classification
Item type English Books
Classification part 200.954
Call number suffix GAN
Holdings
Withdrawn status Lost status Not for loan Collection code Home library Current library Date acquired Source of acquisition Cost, normal purchase price Full call number Barcode Copy number Cost, replacement price Koha item type
      Non-fiction Sarojini Nagar Sarojini Nagar 21/04/2017 DBAD/PUB 200.00 200.954 GAN EN-101441 1 200.00 English Books

© Delhi Public Library
Hit Counter
free hit counter